| 000 | 00000nas 2200000za 4500 |
| 001 | 9.821798 |
| 003 | CaOODSP |
| 005 | 20221107143538 |
| 007 | cr ||||||||||| |
| 008 | 160729c1999 onck| m o f0###a0eng|d |
| 040 | |aCaOODSP|beng |
| 043 | |an-cn--- |
| 086 | 1 |aRv48-3E-PDF |
| 130 | 0 |aIncome tax information circular. |
| 245 | 00|aIncome tax information circular |h[electronic resource] / |cCanada Revenue Agency. |
| 246 | 30|iAt head of title: Income tax |aInformation circular |
| 247 | 10|aInformation circular - Department of National Revenue, Taxation |
| 260 | |a[Ottawa] : |bCanada Revenue Agency, |c[1999]- |
| 300 | |av. |
| 310 | |aIrregular |
| 500 | |aSome issues lack series title. |
| 500 | |aThese information circulars are continually revised, cancelling and replacing previous circulars. Series numbering reflects the updates, with a sequential revision number following the original series designation. |
| 500 | |aIssued also in French under title: Circulaire d'information en matière d'impôt sur le revenu. |
| 547 | |aOnline version, continuing the print edition, published between 1970-1998 under the title: Information circular - Department of National Revenue, Taxation, ISSN 0704-2949. |
| 550 | |aIssued by the dept. under its earlier name: Canada Customs and Revenue Agency, 1999-2003. |
| 692 | 07|2gccst|aTaxes |
| 692 | 07|2gccst|aIncome tax |
| 710 | 2 |aCanada Revenue Agency. |
| 710 | 1 |aCanada. |bCanada Customs and Revenue Agency. |
| 775 | 08|tCirculaire d'information en matière d'impôt sur le revenu |w(CaOODSP)9.821827 |